=LDR 00000nam 2200000 4500 =001 INLIS000000000050334 =005 20240731103500 =035 ##$$a 0010-0417000149 =007 ta =008 240731################g##########0#ind## =020 ##$$a 978 - 602 - 0808 - 02 - 4 =082 ##$$a 641.563 =084 ##$$a 641.563 SAK h =100 #$$a Sakhi, Andari =245 1#$$a Hidup seratus tahun dengan food combining /$c Andari Sakhi =250 ##$$a Cet.1 =260 ##$$a Yogyakarta :$b Trans Idea Publishing,$c 2015 =300 ##$$a 212 hlm : $b Ilus ; $c 23 cm =650 #4$$a MASAKAN =990 ##$$a 31700332 =990 ##$$a 31700331 =990 ##$$a 31700332 =990 ##$$a 31700331